| 000 | 00543cam a2200217 4500 | ||
|---|---|---|---|
| 001 | 3622487 | ||
| 005 | 20180301071939.0 | ||
| 008 | 740620s1974 nyua b 001 0 eng | ||
| 010 | _a 74002670 | ||
| 020 | _a0060440376 | ||
| 040 |
_aDLC _cDLC _dDLC |
||
| 041 | _aeng | ||
| 080 | _a808.5 CLA | ||
| 082 | 0 | 0 | _a808.5 CLA |
| 100 | 1 | _a44 | |
| 101 | _aART | ||
| 245 | 1 | 4 | _aThe liberal art of interpretation. |
| 504 | _aIncludes bibliographical references. | ||
| 906 |
_a7 _bcbc _corignew _d1 _eocip _f19 _gy-gencatlg |
||
| 942 |
_2ddc _cBK |
||
| 999 |
_c43831 _d43831 |
||